Scrittura e diritto

Guardat en:
Dades bibliogràfiques
Autors principals: Benedetti, Giuseppe (Autor), Di Sabato, Daniela (Autor), Finocchiaro, Giusella (Autor), Graziosi, Andrea (Autor), Irti, Natalino (Autor), Sartor, Giovanni (Autor), Simone, Raffaele (Autor), Taruffo, Michele (Autor), Tondo, Salvatore (Autor)
Altres autors: Pattaro, Enrico (autore)
Format: Llibre
Idioma:italià
Publicat: Milán Dott. A. Giuffrè 2000
Col·lecció:Quaderni della rivista Trimestrale di Diritto e Procedura Civile, 3
Matèries:
Etiquetes: Afegir etiqueta
Sense etiquetes, Sigues el primer a etiquetar aquest registre!

MARC

LEADER 00000nam a2200000 a 4500
001 UCM9858
003 CL-VaPUC
008 030523e20000000IT |||||||||||||||||ita|d
082 0 4 |a 340.1  |b BEN  |2 21 
100 0 |a Benedetti, Giuseppe  |e author  |9 476456 
700 0 |a Di Sabato, Daniela  |e author  |9 476457 
700 0 |a Finocchiaro, Giusella  |e author  |9 476458 
700 0 |a Graziosi, Andrea  |e author  |9 476459 
700 |a Irti, Natalino  |e author  |9 559842 
700 |a Pattaro, Enrico  |e autore  |9 393608 
700 0 |a Sartor, Giovanni  |e author  |9 476462 
700 0 |a Simone, Raffaele  |e author  |9 476463 
700 0 |a Taruffo, Michele  |e author  |9 476464 
700 0 |a Tondo, Salvatore  |e author  |9 476465 
245 1 0 |a Scrittura e diritto 
300 |a 224 p 
942 |c BK 
945 |d 20030523 00:00:00  |a cmena 
260 |a Milán  |b Dott. A. Giuffrè  |c 2000 
650 0 |a Teoría del derecho  |9 255982 
650 0 |a Derecho civil  |9 255013 
650 0 |a Contratos  |9 255153 
650 7 |a FIRMA DIGITAL  |2 CL-VaPUC  |9 463580 
583 |a last modification  |c 20030523 00:00:00  |k Rodrigo Vera 
490 0 |a Quaderni della rivista Trimestrale di Diritto e Procedura Civile, 3 
999 |c 303940  |d 303938 
952 |0 0  |1 0  |4 0  |6 340_100000000000000_BEN_2000  |7 0  |8 X  |9 365609  |a BIBDER  |b BIBDER  |d 2019-11-21  |i 3905551  |o 340.1 BEN 2000  |p 3905551  |r 2023-01-25  |w 2019-11-21  |y BK_X  |k DER